000
00421nam a22001217a 4500
003
SGT
082
_a
080
_b
S88B
100
_a
भिशिकर, चंद्रशेखर परमानन्द
245
_a
संघ वृक्ष के बीज डॉक्टर केशवराव हेड गेवार
260
_b
सुरुचि प्रकाशन
_c
1988
300
_a
64
942
_2
ddc
_c
BK
999
_c
31554
_d
31554